000 00235nam a22001097a 4500
040 _cSK
082 _a823
100 _aVANN THANA
245 _aDurian orchard; ការដាំធូរេន
260 _aNA
_bVAN
_cNA
942 _cKB
999 _c10246
_d10246